| 000 | 00905cam a22002651 4500 | ||
|---|---|---|---|
| 999 |
_c127243 _d127243 |
||
| 001 | 3114124 | ||
| 003 | ARRUPE | ||
| 005 | 20171114112814.0 | ||
| 008 | 731030t19651963nyu 000 0 eng | ||
| 010 | _a 65014196 | ||
| 040 |
_aDLC _cDLC _dDLC |
||
| 041 | 1 | _aengfre | |
| 043 |
_ae-fr--- _af------ _af-ae--- |
||
| 050 | 0 | 0 | _aB-111-1 |
| 082 | 0 | 0 |
_a306/.096 _219 |
| 100 | 1 |
_aFanon, Frantz, _d1925-1961. _926769 |
|
| 240 | 1 | 0 |
_aDamnés de la terre. _lEnglish |
| 245 | 1 | 4 |
_aThe wretched of the earth. _cPref. by Jean-Paul Sartre. Translated from the French by Constance Farrington. |
| 260 |
_aNew York, _bGrove Press _c[1965, c1963] |
||
| 300 |
_a255 p. _c21 cm. |
||
| 650 | 0 |
_aOffenses against the person. _934887 |
|
| 651 | 0 |
_aFrance _xColonies _zAfrica. _932044 |
|
| 651 | 0 |
_aAlgeria _xHistory _y1945-1962. _95495 |
|
| 906 |
_a7 _bcbc _corignew _du _eocip _f19 _gy-gencatlg |
||
| 942 |
_2lcc _cMONOGRAPH |
||